Central Library OPAC University of Rajshahi

উন্নয়ন ভানায় কর্মসংস্থান ও শ্রমবাজার / (Record no. 74183)

MARC details
000 -LEADER
fixed length control field 01251nam a2200253 a 4500
001 - CONTROL NUMBER
control field 74183
003 - CONTROL NUMBER IDENTIFIER
rucl marc code BD-RjUL
005 - DATE AND TIME OF LATEST TRANSACTION
control field 20211209082517.0
008 - FIXED-LENGTH DATA ELEMENTS--GENERAL INFORMATION
fixed length control field 180318s2015 bg ad b 001 0 beno
020 ## - INTERNATIONAL STANDARD BOOK NUMBER
International Standard Book Number 9789845061995
035 ## - SYSTEM CONTROL NUMBER
System control number (BD-RjUL)74401
040 ## - CATALOGING SOURCE
Original cataloging agency DLC
Language of cataloging ben
Description conventions rda
Transcribing agency DLC
Modifying agency DLC
-- BD-RjUL
041 ## - LANGUAGE CODE
Language code of text/sound track or separate title ben
082 ## - DEWEY DECIMAL CLASSIFICATION NUMBER
Edition number 23
Classification number 331.137091724
Author mark and year ISU 2015
100 1# - MAIN ENTRY--PERSONAL NAME
Personal name ইসলাম, রিজওয়ানুল
9 (RLIN) 220620
245 10 - TITLE STATEMENT
Title উন্নয়ন ভানায় কর্মসংস্থান ও শ্রমবাজার /
Statement of responsibility, etc. রিজওয়ানুল ইসলাম
260 ## - PUBLICATION, DISTRIBUTION, ETC. (IMPRINT)
Place of publication, distribution, etc. ঢাকা :
Name of publisher, distributor, etc. দি ইউনিভার্সিটি প্রেস লিমিটেড,
Date of publication, distribution, etc. ২০১৫
300 ## - PHYSICAL DESCRIPTION
Pagination xvi, ২১৮ পৃ. :
Illustrations চিত্র ;
Size ২২ সেমি.
504 ## - BIBLIOGRAPHY, ETC. NOTE
Bibliography, etc গ্রন্থপদ্ধতিগত রেফারেন্স এবং সূচক অন্তর্ভুক্ত ।
520 ## - SUMMARY, ETC.
Summary, etc. Study on the unemployment, employment opportunities and labor market in developing countries.
650 #0 - SUBJECT ADDED ENTRY--TOPICAL TERM
Topical term or geographic name as entry element বেকারত্ব
Geographic subdivision উন্নয়নশীল দেশসমূহ
9 (RLIN) 220618
Topical term or geographic name as entry element Unemployment
Geographic subdivision Developing countries.
9 (RLIN) 220619
942 ## - ADDED ENTRY ELEMENTS (KOHA)
Source of classification or shelving scheme Dewey Decimal Classification
Koha item type Books
Holdings
Lost status Source of classification or shelving scheme Damaged status Not for loan Collection code Permanent Location Current Location Shelving location Date acquired Source of acquisition Cost, normal purchase price Total Checkouts Full call number Date last seen Copy number Koha item type Date checked out
  Dewey Decimal Classification   Not For Loan Non-fiction Central Library, University of Rajshahi Central Library, University of Rajshahi Reading Room 30/03/2017 Biddashagor, Rajshahi 500.00   B 331.137091724 ISU 2015 18/03/2018 C-1 Books  
  Dewey Decimal Classification     Non-fiction Central Library, University of Rajshahi Central Library, University of Rajshahi   30/03/2017 Biddashagor, Rajshahi 500.00 3 B 331.137091724 ISU 2015 23/01/2025 C-2 Books 14/01/2025
  Dewey Decimal Classification     Non-fiction Central Library, University of Rajshahi Central Library, University of Rajshahi   30/03/2017 Biddashagor, Rajshahi 500.00   B 331.137091724 ISU 2015 18/03/2018 C-3 Books